000 02561nam a22003497a 4500
005 20120216122340.0
010 _aB-453829-833 B-460952-956
020 _a9780143066552
_c299.00
035 _aB-453829-833 B-460952-956
037 _bR.B.C/VEN
037 _bAllied Pub/Ven
082 _aN
100 _aGhosh, Amitav
_952114
245 _aThe Calcutta chromosome :
_cby Amitav Ghosh
260 _aNew Delhi
_bPenguin Books
_c2008
_c2009
270 _a11, Community Center,Panchsheel Park,
_bNew Delhi
_e110017
300 _a262p
_c20cm(pbk)
700 _942505
942 _2ddc
_cEN
_mGHO
_hN
999 _c63146
_d63146